000 00747nam a22001817a 4500
999 _c61985
_d61985
003 Ge_BSU
005 20240619105455.0
008 240619s1954 ge ||||| |||| 00| 0 geo d
041 _ageo
080 _a615.838(479.22) ნ-63
100 _aნიკობაძე, ი.
_922486
245 _aკურორტი საირმე /
_cი. ნიკობაძე; რედ. ა. წულუკიძე.
264 _aთბილისი :
_b საქმედგამი,
_c1954.
300 _a30 გვ. :
_b 3 ფ. ილ. ;
_c21 სმ.
653 _aკურორტები საქართველოში
700 _aწულუკიძე, ა.
_eრედაქტორი
_922487
942 _2udc
_cᲬᲘᲒᲜᲘ